Statistics for Animals beginning with the letter C (pictures)

Click here to take the quiz!

General Stats

  • This quiz has been taken 601 times
  • The average score is 19 of 24

Answer Stats

Answer% Correct
Cat
100%
Camel
98%
Crab
97%
Cheetah
94%
Chicken
94%
Cow
93%
Crocodile
92%
Catfish
89%
Crow
89%
Centipede
86%
Chimpanzee
86%
Chipmunk
86%
Clownfish
86%
Chameleon
85%
Caterpillar
83%
Clam
83%
cockroach
78%
Coyote
71%
Cricket
70%
Cougar
69%
Chinchilla
67%
Capybara
64%
Crane
38%
Cicada
36%

Score Distribution

Percentile by Number Answered

Percent of People with Each Score

Your Score History

You have not taken this quiz